Souvenir verse and story : (Record no. 18231)
[ view plain ]
| 000 -LEADER | |
|---|---|
| fixed length control field | 00810cam a22002411a 4500 |
| 001 - CONTROL NUMBER | |
| control field | ca 36001245 |
| 003 - CONTROL NUMBER IDENTIFIER | |
| control field | DLC |
| 005 - DATE AND TIME OF LATEST TRANSACTION | |
| control field | 20260227111143.0 |
| 007 - PHYSICAL DESCRIPTION FIXED FIELD--GENERAL INFORMATION | |
| fixed length control field | cr_||||||||||| |
| 008 - FIXED-LENGTH DATA ELEMENTS--GENERAL INFORMATION | |
| fixed length control field | 840402s1896 maua 000 0 eng |
| 010 ## - LIBRARY OF CONGRESS CONTROL NUMBER | |
| LC control number | ca 36001245 |
| 035 ## - SYSTEM CONTROL NUMBER | |
| System control number | (OCoLC)10582303 |
| 040 ## - CATALOGING SOURCE | |
| Original cataloging agency | DLC |
| Transcribing agency | VtU |
| Modifying agency | VtU |
| -- | DLC |
| 042 ## - AUTHENTICATION CODE | |
| Authentication code | premarc |
| 050 00 - LIBRARY OF CONGRESS CALL NUMBER | |
| Classification number | PS2869 |
| Item number | .S268 |
| 082 ## - DEWEY DECIMAL CLASSIFICATION NUMBER | |
| Classification number | 811.49 |
| 100 1# - MAIN ENTRY--PERSONAL NAME | |
| Personal name | Smith, J. E. A. |
| Fuller form of name | (Joseph Edward Adams), |
| Dates associated with a name | 1822-1896. |
| 245 10 - TITLE STATEMENT | |
| Title | Souvenir verse and story : |
| Remainder of title | memorial of fifty years / |
| Statement of responsibility, etc. | by J. E. A. Smith. |
| 260 ## - PUBLICATION, DISTRIBUTION, ETC. | |
| Place of publication, distribution, etc. | Springfield, Mass. : |
| Name of publisher, distributor, etc. | Clark W. Bryan Company, |
| Date of publication, distribution, etc. | 1896. |
| 300 ## - PHYSICAL DESCRIPTION | |
| Extent | 146 p., 4 leaves of plates : |
| Other physical details | ill. ; |
| Dimensions | 19 cm. |
| 530 ## - ADDITIONAL PHYSICAL FORM AVAILABLE NOTE | |
| Additional physical form available note | Also available in digital form on the Internet Archive Web site. |
| 856 41 - ELECTRONIC LOCATION AND ACCESS | |
| Uniform Resource Identifier | <a href="http://hdl.loc.gov/loc.gdc/scd0001.00159735114">http://hdl.loc.gov/loc.gdc/scd0001.00159735114</a> |
No items available.